| 000 | 01874nam0a2200409 4500 | ||
|---|---|---|---|
| 001 | RU\NLR\bibl\1090135 | ||
| 005 | 20250615052413.0 | ||
| 010 |
_a978-5-8459-0947-3 _910000 |
||
| 021 |
_aRU _b2007-24839 _91312 |
||
| 035 | _a(nilc)RSL-KNO-003111009 | ||
| 035 | _a(NLR Aleph) 001077275 | ||
| 090 |
_a1036168 _c1036168 |
||
| 100 | _a20070418d2007 |||y0rusy50 ca | ||
| 101 | 1 |
_arus _ceng |
|
| 102 | _aRU | ||
| 105 | _aa ||||||||| | ||
| 200 | 1 |
_aWindows XP для "чайников" _fЭнди Ратбон _g[пер. с англ. и ред. Н.Н. Селиной] |
|
| 205 | _a2-е изд. | ||
| 210 |
_aМосква [и др.] _cДиалектика _d2007 |
||
| 215 |
_a394 с. _cил., табл. _d24 |
||
| 225 | 1 | _aДля сомневающихся | |
| 300 | _aЗагл. и авт. ориг.: Windows XP for Dummies / Andy Rathbone | ||
| 300 | _aДр произведения авт. на 1-й с. обл. | ||
| 313 | _aПо предыд. изданию | ||
| 320 | _aПредм. указ.: 389-394 | ||
| 454 | 0 |
_12001#$aWindows XP for Dummies$fAndy Rathbone _1700#1$aRathbone$bA.$gAndy$4070 _tWindows XP for Dummies _aRathbone, Andy |
|
| 606 | 1 |
_aMICROSOFT WINDOWS XP, операционная система _92234884 _3RU\NLR\auth\661341281 |
|
| 610 | 0 | _aВычислительная техника -- Вычислительные машины электронные цифровые -- Персональные компьютеры -- Программирование -- Операционные системы -- Пособие для самообразования | |
| 686 |
_aЗ973.26-018.2я78-1 _2rubbk |
||
| 686 | _aЗ973.23-018.2 | ||
| 700 | 1 |
_aРатбон _bЭ. _gЭнди _4070 |
|
| 801 | 0 |
_aRU _bРКП _c20070418 _grcr |
|
| 801 | 1 |
_aRU _bРГБ _c20070418 |
|
| 801 | 2 |
_aRU _bNLR _c20070523 _grcr |
|
| 942 | _cBOOK | ||
| 980 | _aNB | ||